Statistics for Dinosaur Quiz

Click here to take the quiz!

General Stats

  • This quiz has been taken 18 times
  • The average score is 5 of 7

Answer Stats

QuestionAnswer% Correct
When did dinosaurs go extinct65 million years ago
93%
What was the biggest dinosaurArgentinasaurus
93%
Tyrannasaurus Rex means Terrible LizardFalse
86%
where did the spinosaurus liveNorth Africa
71%
What was a ornithomimusOmnivore
71%
What was the era when dinosaurs roamed the earthMesozioc
43%
How tall is a Mamenchisaurus20 Metres
36%

Score Distribution

Percentile by Number Answered

Percent of People with Each Score

Your Score History

You have not taken this quiz